000 01202nam a2200313Ia 4500
001 ebr10627288
003 CaPaEBR
006 m u
007 cr cn|||||||||
008 111102s2012 enka s 001 0 eng d
020 _z9781849518628
020 _z9781849518635
040 _aCaPaEBR
_cCaPaEBR
035 _a(OCoLC)823727582
050 1 4 _aTK5105.888
_b.F56 2012eb
100 1 _aFinnigan, Kenneth.
245 1 0 _aGateIn cookbook
_h[electronic resource] /
_cKenneth Finnigan, Luca Stancapiano, Piergiorgio, Lucidi.
260 _aBirmingham :
_bPackt Publishing,
_c2012.
300 _aiii, 375 p. :
_bill.
500 _aIncludes index.
533 _aElectronic reproduction.
_bPalo Alto, Calif. :
_cebrary,
_d2011.
_nAvailable via World Wide Web.
_nAccess may be limited to ebrary affiliated libraries.
650 0 _aWeb portals
_xDesign.
650 0 _aIntranets (Computer networks)
_xDesign and construction.
655 7 _aElectronic books.
_2local
700 1 _aStancapiano, Luca.
700 1 _aLucidi, Piergiorgio.
710 2 _aebrary, Inc.
856 4 0 _uhttp://site.ebrary.com/lib/rucke/Doc?id=10627288
_zAn electronic book accessible through the World Wide Web; click to view
999 _c66765
_d66765